[Event "SG Bochum 2 - SF Lieme 1"]
[Site "NRW-Klasse, Gruppe 2 2015/201"]
[Date "2015.12.20"]
[Round "4.7"]
[White "Essing, Arnold"]
[Black "Haase, Thomas"]
[Result "1/2-1/2"]
[WhiteElo "2201"]
[BlackElo "2082"]
[PlyCount "117"]
[EventDate "2015.??.??"]
[WhiteTeam "SF Lieme 1"]
[BlackTeam "SG Bochum 2"]

1. d4 c5 2. e3 Nf6 3. Nf3 d5 4. c4 cxd4 5. exd4 g6 6. Nc3 Bg7 7. Be2 O-O 8. O-O
Nc6 9. Bg5 Be6 10. cxd5 Nxd5 11. Qd2 Qa5 12. Bh6 Rad8 13. Bxg7 Kxg7 14. h3 h6
15. Rfd1 Qc7 16. Rac1 Qf4 17. Bf1 Qxd2 18. Rxd2 Nb6 19. Rcd1 Bd5 20. Ne5 e6 21.
Nxd5 Rxd5 22. Nxc6 bxc6 23. Rc1 Rfd8 24. Rxc6 Rxd4 25. Rxd4 Rxd4 26. Rc7 Rd1
27. g3 a5 28. Rc5 a4 29. Kg2 Rd2 30. Rb5 Nd5 31. Kf3 Rd4 32. a3 e5 33. Rb7 e4+
34. Ke2 Kf6 35. Ke1 e3 36. fxe3 Nxe3 37. Bb5 Re4 38. Kd2 Nf5 39. Bd3 Re6 40.
Bxf5 gxf5 41. Rb4 Re4 42. Kd3 Re1 43. Rxa4 Rg1 44. Ke3 Rxg3+ 45. Kf4 Rxh3 46.
Ra6+ Ke7 47. Rb6 h5 48. Kxf5 Rd3 49. Kg5 Rd5+ 50. Kh4 Kd8 51. b4 Kc7 52. Rf6
Rd3 53. Ra6 Rd5 54. Ra7+ Kb6 55. Ra8 Kb7 56. Rf8 Rd3 57. Rxf7+ Kb6 58. Rf6+ Kb7
59. Rf7+ 1/2-1/2

[Event "SG Bochum 2 - SF Lieme 1"]
[Site "NRW-Klasse, Gruppe 2 2015/201"]
[Date "2015.12.20"]
[Round "4.8"]
[White "Stricker, Florian"]
[Black "Stork, Joachim"]
[Result "1/2-1/2"]
[WhiteElo "1970"]
[BlackElo "1918"]
[Annotator "Hausrath,Daniel"]
[PlyCount "86"]
[EventDate "2015.??.??"]
[WhiteTeam "SG Bochum 2"]
[BlackTeam "SF Lieme 1"]

1. d4 f5 2. c4 Nf6 3. Nc3 e6 4. g3 Be7 5. Bg2 O-O 6. Nh3 d6 7. Nf4 e5 8. dxe5
dxe5 9. Nfd5 c6 10. Nxe7+ Qxe7 11. O-O Be6 12. b3 Nbd7 13. Qc2 Qf7 14. Ba3 Rfe8
15. Rad1 Qh5 16. Na4 f4 17. f3 Qg5 18. Bc1 Bf5 19. e4 fxe3 20. Qe2 Qg6 21. Rd6
e4 22. f4 h5 23. Bb2 Re6 24. Rxe6 Bxe6 25. Qxe3 Bf5 26. h3 b6 27. Rd1 Re8 28.
Bd4 Qf7 29. Nb2 Qe6 30. Kh2 Qe7 31. Rd2 Rd8 $11 32. Nd3 Qe6 33. Nf2 Re8 34. Re2
Kf7 35. a4 Kg8 36. a5 bxa5 37. Ra2 c5 38. Bb2 Qb6 39. Bc1 Nb8 40. Rd2 Re6 41.
Bb2 Nbd7 42. Bf1 Rd6 43. Rc2 Qb4 1/2-1/2

[Event "Ratinger SK 1 - SG Ennepe-Ruhr-Süd 1"]
[Site "NRW-Klasse, Gruppe 2 2015/201"]
[Date "2015.12.20"]
[Round "4.1"]
[White "Lupor, Stefan"]
[Black "Preuschoff, Michael"]
[Result "1/2-1/2"]
[WhiteElo "2234"]
[BlackElo "2153"]
[PlyCount "97"]
[EventDate "2015.??.??"]
[WhiteTeam "SG Ennepe-Ruhr-Süd 1"]
[BlackTeam "Ratinger SK 1"]

1. e4 c5 2. Nf3 Nc6 3. Bb5 Na5 4. c3 a6 5. Ba4 b5 6. Bc2 e6 7. O-O c4 8. b4
cxb3 9. axb3 Bb7 10. Re1 Be7 11. d4 d5 12. e5 Rc8 13. b4 Nc4 14. Nbd2 Nxd2 15.
Bxd2 Rc6 16. h3 h5 17. Bd3 h4 18. Nh2 Nh6 19. Qh5 Kd7 20. Bxh6 Qg8 21. Qf3 Rxh6
22. Ra2 Rh8 23. Rc2 Kc7 24. Nf1 Kb8 25. Nd2 f5 26. exf6 gxf6 27. Nb3 e5 28. Na5
Rc7 29. Nxb7 e4 30. Qf4 Kxb7 31. Be2 Qg6 32. Ra2 Rxc3 33. Rea1 Rg8 34. Bf1 Rc6
35. Qxh4 Bxb4 36. Qf4 Bd6 37. Qe3 Bb8 38. Qb3 Bc7 39. Rxa6 Rxa6 40. Qxb5+ Rb6
41. Qxd5+ Rc6 42. Rc1 f5 43. Rxc6 Qxc6 44. Qxg8 Qd6 45. Qb3+ Kc8 46. g3 Qxd4
47. Qe6+ Kb8 48. Qxf5 Bxg3 49. Qb5+ 1/2-1/2

[Event "Ratinger SK 1 - SG Ennepe-Ruhr-Süd 1"]
[Site "NRW-Klasse, Gruppe 2 2015/201"]
[Date "2015.12.20"]
[Round "4.2"]
[White "Welzel, Philipp"]
[Black "Lupor, André"]
[Result "0-1"]
[WhiteElo "2129"]
[BlackElo "2160"]
[PlyCount "56"]
[EventDate "2015.??.??"]
[WhiteTeam "Ratinger SK 1"]
[BlackTeam "SG Ennepe-Ruhr-Süd 1"]

1. Nf3 Nf6 2. c4 g6 3. d4 Bg7 4. g3 d5 5. cxd5 Nxd5 6. Bg2 Nb6 7. Nc3 Nc6 8. e3
O-O 9. O-O Re8 10. Re1 a5 11. h3 a4 12. Nd2 Nb4 13. Nf3 Nc6 14. Qe2 e5 15. dxe5
Nxe5 16. Nxe5 Bxe5 17. Rd1 Qe7 18. f4 Bg7 19. e4 a3 20. e5 f6 21. Qb5 Bd7 22.
Qb3+ Be6 23. Nd5 Nxd5 24. Bxd5 fxe5 25. Bxe6+ Qxe6 26. Rb1 Qxb3 27. axb3 a2 28.
Ra1 exf4 0-1

[Event "Ratinger SK 1 - SG Ennepe-Ruhr-Süd 1"]
[Site "NRW-Klasse, Gruppe 2 2015/201"]
[Date "2015.12.20"]
[Round "4.3"]
[White "Tripolsky, Eugen"]
[Black "Springer, Ralf"]
[Result "1-0"]
[WhiteElo "2207"]
[BlackElo "2097"]
[Annotator "Hausrath,Daniel"]
[PlyCount "57"]
[EventDate "2015.??.??"]
[WhiteTeam "SG Ennepe-Ruhr-Süd 1"]
[BlackTeam "Ratinger SK 1"]

1. e4 d5 2. exd5 Qxd5 3. Nc3 Qd8 4. d4 Nf6 5. Bc4 a6 6. Nf3 b5 7. Bb3 c5 8. a4
b4 9. Ne2 e6 10. O-O Be7 11. Ne5 O-O 12. Re1 Bd6 13. Bg5 Qc7 14. Ng3 Nbd7 15.
Nxf7 Bxg3 16. hxg3 c4 17. Ba2 Rxf7 18. Qe2 Nb6 19. a5 Nbd5 20. Bxc4 Qc6 21. Bb3
Qd6 22. Bd2 Rb8 23. Rab1 Bd7 24. c4 bxc3 25. bxc3 Re8 $11 26. c4 Nc7 27. Bf4
Qc6 28. Bc2 Rff8 29. Rb6 1-0

[Event "Ratinger SK 1 - SG Ennepe-Ruhr-Süd 1"]
[Site "NRW-Klasse, Gruppe 2 2015/201"]
[Date "2015.12.20"]
[Round "4.4"]
[White "Busch, Christian"]
[Black "Arndt, Stefan"]
[Result "1/2-1/2"]
[WhiteElo "2129"]
[BlackElo "2140"]
[Annotator "Hausrath,Daniel"]
[PlyCount "72"]
[EventDate "2015.??.??"]
[WhiteTeam "Ratinger SK 1"]
[BlackTeam "SG Ennepe-Ruhr-Süd 1"]

1. d4 d5 2. Nf3 Nc6 3. c4 Bg4 4. Nc3 e6 5. Bg5 f6 6. cxd5 exd5 7. Bf4 Bd6 8.
Bxd6 Qxd6 9. e3 Nge7 10. h3 Be6 11. a3 O-O 12. Bd3 a6 13. Qc2 g6 14. b4 Bf5 15.
O-O Kg7 16. Rfc1 Bxd3 17. Qxd3 Nd8 18. e4 Ne6 19. Re1 c6 20. e5 fxe5 21. Rxe5
Nf5 22. Rae1 Rae8 23. Ne2 Qd7 24. Ng3 Nxg3 $11 25. fxg3 Nc7 26. Qe3 Rxe5 27.
Qxe5+ Kg8 28. Qg5 Re8 29. Ne5 Qe7 30. Qg4 Qe6 31. Qd1 Nb5 32. Qd3 Nd6 33. Rf1
Nf5 34. Re1 Nd6 35. Rf1 Nf5 36. Re1 Nd6 1/2-1/2

[Event "Ratinger SK 1 - SG Ennepe-Ruhr-Süd 1"]
[Site "NRW-Klasse, Gruppe 2 2015/201"]
[Date "2015.12.20"]
[Round "4.5"]
[White "Moors, Hans"]
[Black "Liedtke, Dirk"]
[Result "1/2-1/2"]
[WhiteElo "2041"]
[BlackElo "2126"]
[PlyCount "74"]
[EventDate "2015.??.??"]
[WhiteTeam "SG Ennepe-Ruhr-Süd 1"]
[BlackTeam "Ratinger SK 1"]

1. d4 Nf6 2. c4 g6 3. Nc3 Bg7 4. Nf3 O-O 5. g3 c6 6. Bg2 d5 7. cxd5 Nxd5 8. O-O
Be6 9. e4 Nb6 10. b3 Bg4 11. Be3 e5 12. dxe5 Bxf3 13. Qxf3 Bxe5 14. Rad1 Qf6
15. Qxf6 Bxf6 16. Rd3 Na6 17. Ne2 Nb4 18. Rd2 Rfd8 19. a4 Rxd2 20. Bxd2 a5 21.
Bh3 Rd8 22. Be3 Na8 23. Bf4 Nd3 24. Be3 Nb4 25. Rc1 b6 26. Rb1 c5 27. Bf4 Nd3
28. Be3 Nb4 29. Bf1 Nc7 30. Nf4 Nc2 31. Bc4 Nxe3 32. fxe3 Rd2 33. Rf1 Bg5 34.
h4 Bxf4 35. Rxf4 Ne6 36. Rf6 Kg7 37. e5 Rb2 1/2-1/2

[Event "Ratinger SK 1 - SG Ennepe-Ruhr-Süd 1"]
[Site "NRW-Klasse, Gruppe 2 2015/201"]
[Date "2015.12.20"]
[Round "4.6"]
[White "Graeber, Ralf"]
[Black "Bruchmann, Norbert"]
[Result "1/2-1/2"]
[WhiteElo "2104"]
[BlackElo "2046"]
[PlyCount "65"]
[EventDate "2015.??.??"]
[WhiteTeam "Ratinger SK 1"]
[BlackTeam "SG Ennepe-Ruhr-Süd 1"]

1. d4 e6 2. g3 Nf6 3. Bg2 c5 4. Nf3 cxd4 5. Nxd4 Nc6 6. O-O Bc5 7. Nb3 Be7 8.
c4 d6 9. Nc3 O-O 10. Bf4 Nh5 11. Rc1 Nxf4 12. gxf4 a6 13. Rc2 f5 14. Rd2 Qc7
15. Qc1 Bd7 16. Nd5 exd5 17. cxd5 Rac8 18. dxc6 bxc6 19. Rfd1 d5 20. Rc2 Qb6
21. Nc5 Bxc5 22. Rxc5 Rb8 23. b3 Qb4 24. e3 Rb5 25. Rc2 Qd6 26. Rd4 Qf6 27. Qd1
Be8 28. Qf3 Kh8 29. Bf1 Rb6 30. Rc5 Qe7 31. b4 Rxb4 32. Rxb4 Qxc5 33. Rb7
1/2-1/2

[Event "Ratinger SK 1 - SG Ennepe-Ruhr-Süd 1"]
[Site "NRW-Klasse, Gruppe 2 2015/201"]
[Date "2015.12.20"]
[Round "4.7"]
[White "Osswald, Luis Monty"]
[Black "Gatterer, Matthias"]
[Result "1/2-1/2"]
[WhiteElo "2014"]
[BlackElo "2050"]
[PlyCount "45"]
[EventDate "2015.??.??"]
[WhiteTeam "SG Ennepe-Ruhr-Süd 1"]
[BlackTeam "Ratinger SK 1"]

1. e4 e6 2. Nf3 d5 3. Nc3 Nf6 4. e5 Nfd7 5. d4 c5 6. dxc5 Bxc5 7. Bd3 Nc6 8.
Bf4 f6 9. exf6 Nxf6 10. Qe2 O-O 11. O-O-O Qe7 12. Ne5 Bd7 13. Rde1 Nxe5 14.
Bxe5 Bd6 15. f4 Rae8 16. g4 Bc6 17. Nb5 Bxb5 18. Bxb5 Rd8 19. Bd3 Bxe5 20. fxe5
Nd7 21. Qe3 Nc5 22. Rhf1 Nxd3+ 23. cxd3 1/2-1/2

[Event "Ratinger SK 1 - SG Ennepe-Ruhr-Süd 1"]
[Site "NRW-Klasse, Gruppe 2 2015/201"]
[Date "2015.12.20"]
[Round "4.8"]
[White "Klengel, Michael"]
[Black "Heller, Achim"]
[Result "1/2-1/2"]
[WhiteElo "2111"]
[BlackElo "1953"]
[PlyCount "64"]
[EventDate "2015.??.??"]
[WhiteTeam "Ratinger SK 1"]
[BlackTeam "SG Ennepe-Ruhr-Süd 1"]

1. Nf3 d5 2. g3 Nf6 3. Bg2 c6 4. c4 Bf5 5. cxd5 cxd5 6. Qb3 Qc8 7. O-O Nc6 8.
Nc3 e6 9. d3 Be7 10. Bf4 O-O 11. Rac1 Qd7 12. Ne5 Nxe5 13. Bxe5 Bd6 14. Bxd6
Qxd6 15. e4 dxe4 16. dxe4 Bg4 17. h3 Bh5 18. Rfe1 e5 19. g4 Bg6 20. Red1 Qe7
21. Nd5 Nxd5 22. Rxd5 Rfd8 23. Rcc5 Rxd5 24. Rxd5 Kf8 25. Qb5 a6 26. Qd3 Ke8
27. Qc3 f6 28. Rc5 Rd8 29. Rc7 Rd7 30. Rc8+ Rd8 31. Rc7 Rd7 32. Rc8+ Rd8
1/2-1/2

[Event "SG Niederkassel 1 - SV Sundern 1"]
[Site "NRW-Klasse, Gruppe 2 2015/201"]
[Date "2015.12.20"]
[Round "4.1"]
[White "Voiteanu, Christian Gabriel"]
[Black "Wigger, Jochen"]
[Result "1-0"]
[WhiteElo "2250"]
[BlackElo "2256"]
[PlyCount "59"]
[EventDate "2015.??.??"]
[WhiteTeam "SV Sundern 1"]
[BlackTeam "SG Niederkassel 1"]

1. d4 d5 2. c4 c6 3. Nf3 Nf6 4. e3 Bg4 5. Qb3 Qb6 6. c5 Qc7 7. Ne5 Bf5 8. Nc3
Nbd7 9. f4 e6 10. Be2 h5 11. O-O Be7 12. Bd2 Ne4 13. Qd1 Nxd2 14. Qxd2 Nxe5 15.
fxe5 f6 16. exf6 Bxf6 17. b4 Bg5 18. Bf3 g6 19. Qe2 Qg7 20. Rad1 O-O 21. e4
dxe4 22. Nxe4 Bxe4 23. Qxe4 Rae8 24. b5 cxb5 25. d5 Rf4 26. Qe2 Rc4 27. d6 Qd7
28. Be4 Kg7 29. Qd3 Kh6 30. Bxg6 1-0

[Event "SG Niederkassel 1 - SV Sundern 1"]
[Site "NRW-Klasse, Gruppe 2 2015/201"]
[Date "2015.12.20"]
[Round "4.3"]
[White "Plass, Heinz"]
[Black "Schienmann, Bruno"]
[Result "0-1"]
[WhiteElo "2043"]
[BlackElo "2233"]
[PlyCount "68"]
[EventDate "2015.??.??"]
[WhiteTeam "SV Sundern 1"]
[BlackTeam "SG Niederkassel 1"]

1. d4 e6 2. c4 Nf6 3. g3 d5 4. Nf3 Nbd7 5. Bg2 Be7 6. O-O O-O 7. Qc2 a6 8. Nbd2
c6 9. Rd1 b5 10. b3 Bb7 11. Bb2 c5 12. cxd5 exd5 13. dxc5 Bxc5 14. Nd4 Re8 15.
e3 Rc8 16. Qf5 Bd6 17. Bh3 Rc7 18. Qg5 h6 19. Qh4 Ne5 20. Nf5 Rc2 21. Nxd6 Qxd6
22. Bxe5 Qxe5 23. Nf3 Qb2 24. Ne1 Rd2 25. Rxd2 Qxa1 26. Kf1 Ne4 27. Rc2 Qd1 28.
Bd7 Rf8 29. Qe7 Nd2+ 30. Rxd2 Qxd2 31. Bxb5 Bc8 32. Bd7 Qxa2 33. b4 Qc4+ 34.
Kg2 Qc7 0-1

[Event "SG Niederkassel 1 - SV Sundern 1"]
[Site "NRW-Klasse, Gruppe 2 2015/201"]
[Date "2015.12.20"]
[Round "4.4"]
[White "Rybarczyk, Klaus"]
[Black "Plass, Mariana-Camelia"]
[Result "1/2-1/2"]
[WhiteElo "2165"]
[BlackElo "2012"]
[Annotator "Hausrath,Daniel"]
[PlyCount "37"]
[EventDate "2015.??.??"]
[WhiteTeam "SG Niederkassel 1"]
[BlackTeam "SV Sundern 1"]

1. c4 Nf6 2. g3 c6 3. Nf3 d5 4. Bg2 e6 5. O-O Nbd7 6. Qc2 Be7 7. b3 O-O 8. Bb2
b6 9. d3 Bb7 10. Nbd2 c5 11. cxd5 Nxd5 12. Nc4 Nb4 13. Qd2 Bf6 14. d4 Na6 $11
15. Rac1 cxd4 16. Nxd4 Bxg2 17. Kxg2 Ndc5 18. Kg1 Qd5 19. Nf3 1/2-1/2

[Event "SG Niederkassel 1 - SV Sundern 1"]
[Site "NRW-Klasse, Gruppe 2 2015/201"]
[Date "2015.12.20"]
[Round "4.5"]
[White "Tillmann, Markus"]
[Black "Stanetzek, Carsten"]
[Result "1/2-1/2"]
[WhiteElo "2098"]
[BlackElo "2164"]
[PlyCount "73"]
[EventDate "2015.??.??"]
[WhiteTeam "SV Sundern 1"]
[BlackTeam "SG Niederkassel 1"]

1. d4 d5 2. c4 c6 3. Nc3 Nf6 4. Nf3 Bf5 5. Bf4 e6 6. e3 Nbd7 7. Bd3 Bxd3 8.
Qxd3 Be7 9. O-O Nh5 10. cxd5 exd5 11. Rfe1 O-O 12. Qf5 g6 13. Qh3 Re8 14. g4
Nxf4 15. exf4 Bd6 16. Ne5 f6 17. Nf7 Qc7 18. Nxd6 Qxd6 19. Qf3 Qb4 20. Red1 Re7
21. Rd2 Rae8 22. Rad1 f5 23. gxf5 gxf5 24. Qh5 Qd6 25. Ne2 Nf6 26. Qf3 Rg7+ 27.
Kh1 Re4 28. Rg1 Ng4 29. Qg2 Rg6 30. f3 Ne3 31. Qf2 Ree6 32. Rd3 Nc4 33. b3
Rxg1+ 34. Kxg1 Qe7 35. Ng3 Re1+ 36. Nf1 Nd6 37. Re3 1/2-1/2

[Event "SG Niederkassel 1 - SV Sundern 1"]
[Site "NRW-Klasse, Gruppe 2 2015/201"]
[Date "2015.12.20"]
[Round "4.6"]
[White "Broehl, Stephan"]
[Black "Schulte, Josef"]
[Result "1-0"]
[WhiteElo "2084"]
[BlackElo "1888"]
[PlyCount "45"]
[EventDate "2015.??.??"]
[WhiteTeam "SG Niederkassel 1"]
[BlackTeam "SV Sundern 1"]

1. e4 c5 2. Nc3 e6 3. Nge2 Nc6 4. d4 cxd4 5. Nxd4 Nf6 6. Be2 Bb4 7. O-O Bxc3 8.
bxc3 Nxe4 9. Qd3 d5 10. Nxc6 bxc6 11. Ba3 Qf6 12. c4 Ba6 13. Qb3 Nc3 14. Bd3 d4
15. f4 Qd8 16. Bc5 Qd7 17. Rae1 g6 18. f5 gxf5 19. Rxf5 O-O-O 20. Rf4 Qb7 21.
Bxd4 Qxb3 22. axb3 Na2 23. Bxh8 1-0

[Event "SG Niederkassel 1 - SV Sundern 1"]
[Site "NRW-Klasse, Gruppe 2 2015/201"]
[Date "2015.12.20"]
[Round "4.7"]
[White "Kevekordes, Peter"]
[Black "Schracke, Guido"]
[Result "1/2-1/2"]
[WhiteElo "1869"]
[BlackElo "2072"]
[PlyCount "27"]
[EventDate "2015.??.??"]
[WhiteTeam "SV Sundern 1"]
[BlackTeam "SG Niederkassel 1"]

1. e4 c5 2. Nf3 Nc6 3. Bb5 g6 4. c3 Bg7 5. d4 cxd4 6. cxd4 Qb6 7. Nc3 Nxd4 8.
Nd5 Nxf3+ 9. Qxf3 Qd6 10. Bf4 Be5 11. Bxe5 Qxe5 12. Rc1 Rb8 13. O-O Nf6 14.
Rfd1 1/2-1/2

[Event "SG Niederkassel 1 - SV Sundern 1"]
[Site "NRW-Klasse, Gruppe 2 2015/201"]
[Date "2015.12.20"]
[Round "4.8"]
[White "Freundlieb, Thomas"]
[Black "Schober, Ralf"]
[Result "1/2-1/2"]
[WhiteElo "1979"]
[BlackElo "1964"]
[Annotator "Hausrath,Daniel"]
[PlyCount "67"]
[EventDate "2015.??.??"]
[WhiteTeam "SG Niederkassel 1"]
[BlackTeam "SV Sundern 1"]

1. d4 e6 2. Nf3 Nf6 3. e3 b6 4. Bd3 Bb7 5. Nbd2 c5 6. O-O Nc6 7. c3 Qc7 8. a3
d5 9. e4 cxd4 10. exd5 Nxd5 11. cxd4 Be7 12. Ne4 h6 13. Bd2 O-O $11 14. Qc1 Na5
15. Qxc7 Nxc7 16. Bxa5 bxa5 17. Rac1 Rfc8 18. Ne5 Bxe4 19. Bxe4 Nd5 20. Rfd1 f5
21. Bxd5 exd5 22. Nc6 Bd6 23. Nxa5 Kf7 24. g3 g5 25. f3 h5 26. b4 h4 27. Kg2
Rxc1 28. Rxc1 Re8 29. Kf2 hxg3+ 30. hxg3 Rh8 31. Kg2 Re8 32. Kf2 Rh8 33. Kg2
Re8 34. Kf2 1/2-1/2

[Event "Oberhausener SV 1 - SK Münster 1"]
[Site "Oberliga NRW 2015/2016"]
[Date "2016.01.10"]
[Round "5.1"]
[White "Muschik, Benedikt"]
[Black "Hort, Vlastimil"]
[Result "1/2-1/2"]
[WhiteElo "2273"]
[BlackElo "2387"]
[PlyCount "41"]
[EventDate "2016.??.??"]
[WhiteTeam "SK Münster 1"]
[BlackTeam "Oberhausener SV 1"]

1. d4 Nf6 2. Bf4 e6 3. e3 b6 4. Nf3 Bb7 5. Be2 Be7 6. h3 O-O 7. O-O d5 8. Nbd2
c5 9. c3 Nc6 10. Ne5 Nxe5 11. Bxe5 Qc8 12. a4 Nd7 13. Bg3 Rd8 14. b4 a5 15. b5
Nf6 16. Bh4 Qc7 17. Rc1 Rac8 18. Bd3 Qd7 19. Nf3 Qe8 20. Ne5 Nd7 21. Bxe7
1/2-1/2

[Event "Oberhausener SV 1 - SK Münster 1"]
[Site "Oberliga NRW 2015/2016"]
[Date "2016.01.10"]
[Round "5.2"]
[White "Becker, Marcel"]
[Black "Kuijf, Marinus"]
[Result "1-0"]
[WhiteElo "2321"]
[BlackElo "2339"]
[PlyCount "77"]
[EventDate "2016.??.??"]
[WhiteTeam "Oberhausener SV 1"]
[BlackTeam "SK Münster 1"]

1. d4 d5 2. c4 e6 3. Nf3 c6 4. Nbd2 Nf6 5. e3 c5 6. b3 cxd4 7. exd4 Bb4 8. Qc2
dxc4 9. bxc4 Nc6 10. Bb2 O-O 11. Bd3 Be7 12. a3 b6 13. O-O Bb7 14. Rad1 Rc8 15.
Qb1 h6 16. Rfe1 Qc7 17. Nf1 Na5 18. Ne5 Nd7 19. d5 Nxe5 20. Bxe5 Qc5 21. Bd4
Qc7 22. dxe6 Nxc4 23. Rc1 Qc6 24. Be4 Qc7 25. Ne3 Bxe4 26. Qxe4 b5 27. Nd5 f5
28. Rxc4 bxc4 29. Qe5 Qxe5 30. Nxe7+ Kh7 31. Rxe5 Rcd8 32. Nd5 Rfe8 33. f4 Rd6
34. e7 Kg6 35. Nc7 Rxe7 36. Rxe7 Rxd4 37. Ne8 c3 38. Rxg7+ Kh5 39. g3 1-0

[Event "Oberhausener SV 1 - SK Münster 1"]
[Site "Oberliga NRW 2015/2016"]
[Date "2016.01.10"]
[Round "5.3"]
[White "Webb, Laurence"]
[Black "Kaufeld, Juergen"]
[Result "1-0"]
[WhiteElo "2261"]
[BlackElo "2254"]
[PlyCount "125"]
[EventDate "2016.??.??"]
[WhiteTeam "SK Münster 1"]
[BlackTeam "Oberhausener SV 1"]

1. e4 c5 2. Nf3 e6 3. c3 Nf6 4. Bd3 d5 5. e5 Nfd7 6. Bc2 c4 7. O-O Nc6 8. Re1
g5 9. d4 cxd3 10. Ba4 h6 11. Qxd3 Nc5 12. Qd1 Bg7 13. Bxc6+ bxc6 14. b3 Nd7 15.
h3 Qc7 16. Qe2 a5 17. Nbd2 Ba6 18. c4 a4 19. Nf1 Qb7 20. Qc2 dxc4 21. bxc4 Qb4
22. N1d2 O-O 23. Rb1 Qa5 24. Bb2 a3 25. Bc3 Qc7 26. Ne4 Rfb8 27. Rxb8+ Rxb8 28.
Qa4 Bb7 29. c5 Nxe5 30. Bxe5 Bxe5 31. Nexg5 Bg7 32. Ne4 Ra8 33. Qb4 Ba6 34.
Qxa3 Qb8 35. Nd6 Qb2 36. Qe3 Qc3 37. Ne5 Bxe5 38. Qxe5 Qxe5 39. Rxe5 Bd3 40.
Re3 Bb1 41. a3 Ra5 42. Rc3 Ba2 43. f3 Kf8 44. Kf2 Ke7 45. Ke3 Bb1 46. g4 e5 47.
f4 exf4+ 48. Kxf4 Ra4+ 49. Kg3 Ke6 50. Re3+ Kd5 51. Nxf7 Kd4 52. Rb3 Ba2 53.
Rf3 Kxc5 54. Nxh6 Bd5 55. Re3 Be4 56. Nf5 Kd5 57. Kf4 Bd3+ 58. Kg5 Rxa3 59. h4
c5 60. h5 Kc4 61. h6 Kc3 62. h7 Ra8 63. Rh3 1-0

[Event "Oberhausener SV 1 - SK Münster 1"]
[Site "Oberliga NRW 2015/2016"]
[Date "2016.01.10"]
[Round "5.4"]
[White "Litwak, Aleksej"]
[Black "Wolter, Kai"]
[Result "1/2-1/2"]
[WhiteElo "2270"]
[BlackElo "2249"]
[PlyCount "60"]
[EventDate "2016.??.??"]
[WhiteTeam "Oberhausener SV 1"]
[BlackTeam "SK Münster 1"]

1. e4 c5 2. Nf3 e6 3. d4 cxd4 4. Nxd4 Nc6 5. Nc3 Qc7 6. Be2 a6 7. O-O Nf6 8.
Be3 Bb4 9. Na4 Be7 10. Nxc6 bxc6 11. Nb6 Rb8 12. Nxc8 Qxc8 13. Bd4 c5 14. Be5
Rb6 15. b3 O-O 16. Qd3 d6 17. Bb2 d5 18. exd5 Nxd5 19. Rad1 Bf6 20. Bxf6 Nxf6
21. Bf3 Qc7 22. Rfe1 h6 23. g3 a5 24. Qc3 Rbb8 25. Qe5 Rfc8 26. Qxc7 Rxc7 27.
Re5 Kf8 28. Rd6 Nd7 29. Re3 Rb6 30. Rd2 Ke7 1/2-1/2

[Event "Oberhausener SV 1 - SK Münster 1"]
[Site "Oberliga NRW 2015/2016"]
[Date "2016.01.10"]
[Round "5.5"]
[White "Chilla, Jan Eric"]
[Black "Kummerow, Heiko"]
[Result "1/2-1/2"]
[WhiteElo "2224"]
[BlackElo "2217"]
[Annotator "Hausrath,Daniel"]
[PlyCount "90"]
[EventDate "2016.??.??"]
[WhiteTeam "SK Münster 1"]
[BlackTeam "Oberhausener SV 1"]

1. Nf3 Nf6 2. g3 g6 3. b3 Bg7 4. Bb2 O-O 5. Bg2 d6 6. d4 c5 7. c4 Nc6 8. O-O
cxd4 9. Nxd4 Bd7 10. Nc3 Ng4 11. e3 Nxd4 12. exd4 Rb8 13. Re1 Nh6 14. Nd5 Re8
15. Qd2 Nf5 16. Rad1 Bc6 17. Ne3 Nxe3 18. Rxe3 Bxg2 19. Kxg2 b5 20. c5 dxc5 21.
dxc5 Bxb2 22. Rd3 Qc7 23. Qxb2 Qxc5 24. Rd5 Qc6 25. Kg1 Rbc8 26. Qe5 a6 27. Rd7
Qc5 28. Qxc5 Rxc5 29. Ra7 Rc6 30. Rdd7 Kg7 31. Rdb7 Kf6 32. a4 bxa4 33. bxa4
Re6 34. a5 Rd8 35. Rb6 Rxb6 36. axb6 Rb8 37. Rxa6 Ke6 38. Kg2 $11 Kd6 39. Kf3
Rb7 40. h4 h6 41. g4 Kc6 42. Ra8 Kd6 43. Rh8 Ke6 44. Rxh6 Kf6 45. Rh8 Rxb6
1/2-1/2

[Event "Oberhausener SV 1 - SK Münster 1"]
[Site "Oberliga NRW 2015/2016"]
[Date "2016.01.10"]
[Round "5.7"]
[White "Molinaroli, Martin"]
[Black "Ciornei, Dragos"]
[Result "1/2-1/2"]
[WhiteElo "2211"]
[BlackElo "2123"]
[PlyCount "30"]
[EventDate "2016.??.??"]
[WhiteTeam "SK Münster 1"]
[BlackTeam "Oberhausener SV 1"]

1. b3 e5 2. Bb2 Nc6 3. e3 d6 4. c4 Nf6 5. Nc3 g6 6. Nf3 Bg7 7. d4 exd4 8. exd4
O-O 9. Be2 Re8 10. O-O Bf5 11. Qd2 Ne4 12. Nxe4 Bxe4 13. Rad1 a5 14. Ba1 h6 15.
h3 d5 1/2-1/2

[Event "Oberhausener SV 1 - SK Münster 1"]
[Site "Oberliga NRW 2015/2016"]
[Date "2016.01.10"]
[Round "5.8"]
[White "Voge, Andreas"]
[Black "Rott, Georg"]
[Result "1-0"]
[WhiteElo "2079"]
[BlackElo "2108"]
[PlyCount "111"]
[EventDate "2016.??.??"]
[WhiteTeam "Oberhausener SV 1"]
[BlackTeam "SK Münster 1"]

1. e4 e6 2. d4 d5 3. Nc3 Bb4 4. e5 c5 5. Bd2 Ne7 6. Nb5 Bxd2+ 7. Qxd2 O-O 8. c3
Nbc6 9. Bd3 b6 10. Nf3 f6 11. exf6 Rxf6 12. O-O Ng6 13. Bxg6 Rxg6 14. Rfe1 a6
15. Na3 Ra7 16. Nc2 Rf7 17. Ne5 Nxe5 18. Rxe5 Qh4 19. g3 Qg4 20. Qe2 Qxe2 21.
Rxe2 Bd7 22. Rae1 Rf4 23. Rd2 h5 24. Ne3 Rf8 25. Ng2 Rgf6 26. Re5 g6 27. h4 Kf7
28. Nf4 c4 29. Rde2 Bc8 30. Nh3 Rd8 31. Ng5+ Ke7 32. f4 Rd6 33. Nf3 Bd7 34. Kg2
Ba4 35. Rd2 Be8 36. Re1 b5 37. Ne5 Rb6 38. b3 cxb3 39. axb3 a5 40. Ra1 a4 41.
Rb2 Ra6 42. bxa4 Rxa4 43. Rxa4 bxa4 44. Rb7+ Kd6 45. Ra7 Rf8 46. Kf2 Bb5 47.
Rb7 Be8 48. Ke3 Rf5 49. Kd2 Rf8 50. Kc2 g5 51. hxg5 h4 52. gxh4 Rxf4 53. h5
Rf2+ 54. Kb1 Rg2 55. g6 Rg5 56. g7 1-0

[Event "SV Letmathe 1 - Düsseldorfer SK 1"]
[Site "Oberliga NRW 2015/2016"]
[Date "2016.01.10"]
[Round "5.1"]
[White "Coenen, Michael"]
[Black "Podzielny, Karl-Heinz"]
[Result "1-0"]
[WhiteElo "2372"]
[BlackElo "2330"]
[PlyCount "51"]
[EventDate "2016.??.??"]
[WhiteTeam "Düsseldorfer SK 1"]
[BlackTeam "SV Letmathe 1"]

1. d4 Nf6 2. c4 g6 3. Nc3 Bg7 4. e4 d6 5. Nf3 O-O 6. Be2 a5 7. O-O Na6 8. e5
dxe5 9. dxe5 Nd7 10. Bf4 Nac5 11. Qc1 Ne6 12. Bh6 Nxe5 13. Nxe5 Bxe5 14. Rd1
Qe8 15. Bxf8 Qxf8 16. Qe3 Qg7 17. Nd5 Kf8 18. Rab1 Bd6 19. Nc3 Bd7 20. Bg4 f5
21. Bf3 Bc5 22. Qd3 Rd8 23. Bd5 Bc8 24. Qg3 Bd6 25. Qe3 Bc5 26. Bxe6 1-0

[Event "SV Letmathe 1 - Düsseldorfer SK 1"]
[Site "Oberliga NRW 2015/2016"]
[Date "2016.01.10"]
[Round "5.2"]
[White "Kolosowski, Mateusz"]
[Black "Stark, Lars"]
[Result "1/2-1/2"]
[WhiteElo "2428"]
[BlackElo "2403"]
[Annotator "Hausrath,Daniel"]
[PlyCount "67"]
[EventDate "2016.??.??"]
[WhiteTeam "SV Letmathe 1"]
[BlackTeam "Düsseldorfer SK 1"]

1. d4 Nf6 2. c4 e6 3. Nc3 Bb4 4. e3 b6 5. Nge2 c5 6. a3 Ba5 7. Rb1 Na6 8. g3
Bb7 9. d5 exd5 10. Bg2 Qb8 11. cxd5 b5 $11 12. O-O b4 13. Ne4 Bd8 14. Nf4 O-O
15. Nxf6+ Bxf6 16. Nh5 Qd8 17. e4 Bd4 18. Be3 Bxe3 19. fxe3 Qg5 20. Rf4 Kh8 21.
Qf3 f6 22. Bh3 c4 23. Rh4 g6 24. Nf4 Nc5 25. Rg4 Qe5 26. axb4 Nxe4 27. Nxg6+
hxg6 28. Rxe4 Bxd5 29. Rxe5 Bxf3 30. Rc5 d5 31. Ra1 a6 32. Bg2 Bxg2 33. Kxg2
Rab8 34. Rxd5 1/2-1/2